000 00486nam a2200145 i 4500
001 161937
003 ES-MaACL
005 20230906212404.0
008 931025s1861 fr |||| | fre d
100 1 _aPérin, Charles (
_d1815-1905)
_9131026
245 1 0 _aDe la Richesse dans les societes chretiennes /
_cpar Charles Perin.
260 _aParis :
_bJacques Lecoffre, lib-ed.,
_c1861 (
_fImp. Simon Raçon)
300 _a2 v. ;
_c23 cm.
852 _aES-MaACL
_jG-12100-12101
_z-- Enc. hol.
999 _c161937
_d161937